000 00372nam a2200145Ia 4500
008 190704s9999||||xx |||||||||||||| ||und||
020 _a9780313296987
082 _a791.433
_bHAM/D
100 _aHames, Peter
245 0 _aDark Alchemy The Films of Jan Svankmjer
250 _a1st Edition
260 _aUSA
_bGreenwoodPub. Group Inc
_c1995
300 _a202p
942 _cBK
999 _c6200
_d6200